000 00674nam a22001577a 4500
003 OSt
005 20151001152435.0
008 151001b xxu||||| |||| 00| 0 eng d
040 _cRUA
082 _aAGR TAU 2012 B050 Or.1
100 _91693
_aTAUCH, KOURUNN
245 _aSclerotium Rolfssi mamagement on mungbean in greenhouse conditions, វិធានការកម្ចាត់ផ្សិតក្លែរ៉ូទីញ៉ូម រូស្ស៊ី លើដំណាំសណ្តែកបាយ​ក្នុងលក្ខខណ្ឌផ្ទះកញ្ខក់
260 _aPhnom Penh
_bRUA
_c2012
300 _ax; 52p.
_bill.
_c29cm.
942 _2ddc
_cAGR
999 _c1595
_d1595